Μελέτη των μηχανισμών μεταφοράς και πρόσφατης διαγένεσης των μετάλλων στο ημι-κλειστό και ρηχό θαλάσσιο σύστημα του Κόλπου Καλλονής Λέσβου : διδακτορική διατριβή
Αποθηκεύτηκε σε:
| Κύριος συγγραφέας: | |
|---|---|
| Μορφή: | Thesis Βιβλίο |
| Γλώσσα: | Greek |
| Δημοσίευση: |
Μυτιλήνη :
Πανεπιστήμιο Αιγαίου, Τμήμα Περιβάλλοντος,
2002
|
| Θέματα: | |
| Διαθέσιμο Online: | http://hdl.handle.net/11610/11148 |
| Ετικέτες: |
Προσθήκη ετικέτας
Δεν υπάρχουν, Καταχωρήστε ετικέτα πρώτοι!
|
MARC
| LEADER | 00000cam a2200000 i 4500 | ||
|---|---|---|---|
| 001 | 1/33011 | ||
| 008 | 060802s2002 gre d | ||
| 035 | |l 10084831 | ||
| 040 | |a GR-MY-UA |b gre |e aacr | ||
| 041 | 0 | |a gre | |
| 082 | 0 | |a 551.466 |2 (22) | |
| 100 | 1 | |a Γαβριήλ, Απόστολος Μ. | |
| 245 | 1 | 0 | |a Μελέτη των μηχανισμών μεταφοράς και πρόσφατης διαγένεσης των μετάλλων στο ημι-κλειστό και ρηχό θαλάσσιο σύστημα του Κόλπου Καλλονής Λέσβου : |b διδακτορική διατριβή / |c Γαβριήλ Απόστολος Μ. |
| 260 | |a Μυτιλήνη : |b Πανεπιστήμιο Αιγαίου, Τμήμα Περιβάλλοντος, |c 2002 | ||
| 300 | |a 390 σ.; |b πιν., διαγρ.; |c 30 εκ. | ||
| 502 | # | # | |a Διατριβή (διδακτορική) – Πανεπιστήμιο Αιγαίου, Λέσβος, 2002. |
| 504 | |a Βιβλιογραφία: σ. 331-383 | ||
| 650 | 0 | 0 | |a Chemical oceanography |z Greece |z Kallone (Lesbos Island) |
| 650 | 0 | 0 | |a Sedimentation and deposition |z Greece |z Kallone (Lesbos Island) |
| 650 | 0 | 0 | |a Marine sediments |z Greece |z Kallone (Lesbos Island) |
| 650 | 0 | 0 | |a Dissertations, Academic |z Greece. |
| 852 | |a INST |b LESVOS |c DIATR |e 20060802 |h 126 |p 005100035289 |q 005100035289 |t PHD |y 23 | ||
| 852 | |a INST |b LESVOS |c DIATR |e 20060802 |h 127 |p 005100035287 |q 005100035287 |t PHD |y 23 | ||
| 856 | |u http://hdl.handle.net/11610/11148 | ||
| 901 | |a BIBL1-2006-2 | ||
| 909 | |a Λ |b 126371 | ||
| 909 | |a Λ |b 103593 | ||
| 924 | |a ΓΑΒΡΙΗΛ |b ΑΠΟΣΤΟΛΟΣ Μ. |y ΛΕΣΒΟΣ |z 2006-08 | ||
| 970 | |a ΜΑΡΙΝΑΤΟΥ |b ΜΥΡΣΙΝΗ |z 2006/08/02 | ||